Waszyngton - quiz wielokrotnego wyboru - Statystyki

Ogólne statystyki
  • Ten quiz został rozwiązany 463 razy
  • Średni wynik to 6 z 10
Statystyki odpowiedzi
Zagadnienie Odpowiedź % Poprawnych
Kto wygłosił przemówienie do setek tysięcy ludzi przed Pomnikiem Lincolna w 1963 roku? Martin Luther King Jr.
84%
Jaki słynny budynek znajdziesz pod adresem 1600 Pennsylvania Avenue? Biały Dom
83%
Jaką inną nazwę nosi Waszyngton? Dystrykt Kolumbii
80%
Który z tych budynków znajduje się tuż za Waszyngtonem, a nie bezpośrednio w jego obrębie? Pentagon
69%
Nad brzegiem jakiej rzeki znajduje się Waszyngton? Potomak
65%
Który z tych prezydentów USA jest pochowany na Cmentarzu Narodowym w Arlington? John Kennedy
39%
Kto zaprojektował plan miasta Waszyngton? Pierre Charles L'Enfant
39%
Który stan przekazał teren, na którym obecnie znajduje się Waszyngton? Maryland
38%
Jaki rodzaj drzewa został podarowany Waszyngtonowi przez obce państwo w 1912 roku i jest dziś symbolem miasta? Wiśnia
31%
Kto był pierwszym prezydentem, który mieszkał w Waszyngtonie? John Adams
28%
Nie znaleziono quizów pasujących do podanych kryteriów
Rozkład punktacji
Procent ludzi z każdym wynikiem
Percentyl według liczby udzielonych odpowiedzi
Twoja historia wyników
Nie rozwiązałeś tego quizu